Floresta de leyendas heroícas españolas (El rey Rodrigo, el último godo)
Uloženo v:
| Médium: | Kniha |
|---|---|
| Jazyk: | Undetermined |
| Vydáno: |
Madrid, España
Ediciones de "La lectura"
1926
|
| Témata: | |
| Tagy: |
Přidat tag
Žádné tagy, Buďte první, kdo vytvoří štítek k tomuto záznamu!
|
MARC
| LEADER | 00000nam a2200000Ia 4500 | ||
|---|---|---|---|
| 008 | 170316s9999 xx 000 0 und d | ||
| 040 | |a cru BVZT | ||
| 090 | |a CL | ||
| 245 | |a Floresta de leyendas heroícas españolas (El rey Rodrigo, el último godo) | ||
| 260 | |a Madrid, España | ||
| 260 | |b Ediciones de "La lectura" | ||
| 260 | |c 1926 | ||
| 300 | |a 258 páginas Tomo II (Nº 71) | ||
| 650 | |a LITERATURA CLÁSICA | ||
| 999 | |c 14895 |d 14895 | ||
| 942 | |c 15 D |h CL |2 z | ||
